| 000 | 01034nam a22003137a 4500 | ||
|---|---|---|---|
| 003 | CHAP | ||
| 005 | 20220329135836.0 | ||
| 008 | 971013s1977 r 00010 d | ||
| 010 | _a43135 | ||
| 011 | _a44107 | ||
| 035 | _a48245 | ||
| 040 | _cCHAP | ||
| 090 | _aFolleto 6387 | ||
| 100 | 0 | 0 |
_aFreire, Paulo. _943152 |
| 245 | _aSeminario momento de reflexión crítica en el proceso educativo y la observación militante | ||
| 260 |
_aChapingo, Méx. : _bDepto. de Asistencia Agrícola y Agraria, _c1977 |
||
| 300 | _a16 p. | ||
| 490 |
_aCuadernos DASAYA _v; 2 |
||
| 590 |
_aBATCH-UPD _b10 _c20130110 _lUCH01 _h1926 |
||
| 590 |
_aBATCH-UPD _b10 _c20130410 _lUCH01 _h1251 |
||
| 590 |
_aBATCH-UPD _b10 _c20130914 _lUCH01 _h1111 |
||
| 590 |
_aCONVERSION _b10 _c20130109 _lUCH01 _h1324 |
||
| 650 | 1 | 4 |
_aEducación agrícola. _935491 |
| 830 | 0 |
_aCuadernos DASAYA _v; 2 _929740 |
|
| 901 | _aBK | ||
| 942 | _cFOLL | ||
| 949 |
_aFolleto 6387 _bBC _cFOLL _d-109399 _eTS1 _i48245 _si |
||
| 949 |
_aFolleto 6387 _bBC _cFOLL _d-109400 _eTS2 _fc.2 _i48245 _si |
||
| 999 |
_c43135 _d43135 |
||